| 000 | 00378nam a2200145Ia 4500 | ||
|---|---|---|---|
| 008 | 200103s9999||||xx |||||||||||||| ||und|| | ||
| 040 | _aIMU-MPC | ||
| 082 | _aColumn-8 | ||
| 100 | _aIneternational Chamber of Shipping | ||
| 245 | 0 | _aGuide to Helicopter/Ship Operations | |
| 250 | _a4th ed. | ||
| 260 |
_bIneternational Chamber of Shipping _c2008 |
||
| 300 | _a110 | ||
| 942 | _cBK | ||
| 999 |
_c4080 _d4080 |
||